<The> decision-maker and export activity: a cross-national comparison of the foreign orientation of Austrian managers.
Je dokázané, že úspech vývoznej činnosti je výrazne ovplyvnený zahraničnou orientáciou vedúcich manažerov. Skúma sa zahraničná orientácia rakúskych manažerov metodikou uplatnenou v SRN. Empirické zistenia dokázali závažnosť zahraničnej orientácie vedenia pre úspech vývozu u malých a stredných firiem...
Saved in:
| Main Author: | |
|---|---|
| Other Authors: | |
| Format: | Book Chapter |
| Language: | English |
| Subjects: | |
| Tags: |
No Tags, Be the first to tag this record!
|
MARC
| LEADER | 00000naa a2200000 4500 | ||
|---|---|---|---|
| 001 | r001903 | ||
| 005 | 20220819193528.5 | ||
| 041 | 0 | |a eng | |
| 044 | |a DE | ||
| 245 | 1 | 0 | |a <The> decision-maker and export activity: a cross-national comparison of the foreign orientation of Austrian managers. |c H.H. Holzmüller, H. Kasper |
| 520 | |a Je dokázané, že úspech vývoznej činnosti je výrazne ovplyvnený zahraničnou orientáciou vedúcich manažerov. Skúma sa zahraničná orientácia rakúskych manažerov metodikou uplatnenou v SRN. Empirické zistenia dokázali závažnosť zahraničnej orientácie vedenia pre úspech vývozu u malých a stredných firiem v Rakúsku. | ||
| 610 | 2 | 0 | |a vývoz |
| 610 | 2 | 0 | |a manažment |
| 610 | 2 | 0 | |a pracovníci riadiaci |
| 610 | 2 | 0 | |a rozhodovanie |
| 610 | 2 | 0 | |a podnik malý |
| 610 | 2 | 0 | |a podnik stredný |
| 610 | 2 | 0 | |a Rakúsko |
| 100 | 1 | |a Holzmüller, H.H. | |
| 700 | 1 | |a Kasper, H. | |